Famous Songs by First Lyrics - Statistics

General Stats
  • This quiz has been taken 99 times
  • The average score is 5 of 27
Answer Stats
Hint Answer % Correct
Dashing through the snow In a one-horse open sleigh Jingle Bells
75%
There is a house in New Orleans They call the _____ ___ The House of the Rising Sun
68%
____ ____, heilige Nacht, Alles schläft; einsam wacht Stille Nacht
52%
_______ _____! How sweet the sound That saved a wretch like me. Amazing Grace
46%
____ ______, ____ ______,Dormez-vous? Dormez-vous? Frère Jacques
44%
Should auld acquaintance be forgot, and never brought to mind? Auld Lang Syne
40%
Alla mattina appena alzata o ____ ___, ____ ___, ____ ___, ciao, ciao Bella ciao
39%
______ _____ went to town A-riding on a pony Yankee Doodle
38%
Once a jolly swagman camped by a billabong Under the shade of a coolibah tree Waltzing Matilda
23%
When Britain first, at Heaven's command Arose from out the azure main Rule, Britannia!
13%
_____ _______ _ ___ (2×)_____ _______, dear […] Happy Birthday to You
10%
Vor der Kaserne, vor dem großen TorStand eine Laterne, und steht sie noch davor Lili Marleen
10%
______, ______ _____Como si fuera esta noche la última vez Bésame Mucho
8%
____ _____, ____ _________ _____ ve-nismeḥa Hava Nagila
8%
______, ______, ______ moya! V sadu yagoda malinka, malinka moya! Kalinka
8%
Debout, les damnés de la terre Debout, les forçats de la faim The Internationale
8%
________ anima mea Dominum; Et exultavit spiritus meus in Deo salutari meo Magnificat
6%
Rastsvetali iabloni i grushi,Poplyli tumany nad rekoj. Katyusha
5%
______ _____! ______ _____!Tu pure, o Principessa Nessun dorma
5%
Che bella cosa na jurnata 'e sole, n'aria serena doppo na tempesta! 'O Sole Mio
4%
Aprendimos a quererte desde la histórica altura Hasta Siempre, Comandante
2%
En la mondon venis nova sento, tra la mondo iras forta voko La Espero
2%
____ _____, Mater misericordiæ, vita, dulcedo, et spes nostra, salve. Salve Regina
2%
Etot marš ne smolkal na perronah Kogda vrag zaslonjal gorizont. Farewell of Slavianka
1%
Szomorú vasárnap száz fehér virággal Vártalak kedvesem templomi imával Gloomy Sunday
1%
____ _____!La la la la la la la! Putin khuylo!
1%
Vstaváy straná ogrómnaya, Vstaváy na smértnyy boy The Sacred War
0%
No matching quizzes found
Score Distribution
Percent of People with Each Score
Percentile by Number Answered
Your Score History
You have not taken this quiz